000 00647nam 22001813 4500
001 199283
090 _a199283
100 _a20251126 pory50
200 _aNatureza, ciência e retórica na construção social da ideia de ambiente
_fPaula Castro
210 _a[Lisboa]
_cFundação Calouste Gulbenkian, Fundação para a Ciência e a Tecnologia
_d2002
215 _a[XVI], 471 p.
_cbrochado
_d23 cm
225 _aTextos universitários de ciências sociais e humanas
606 _935
_aSociologia. Demografia.Estatística
675 _a31
_vPT
_zpor
700 _915183
_aCastro
_bPaula
801 _aPT
_bBMMN
_gRPC
830 _cVanda
990 _cLIVROS